Sports Quiz

Random Sports or College Quiz

Name that college softball stadium! Quiz Stats

 Plays Quiz not verified by Sporcle

Challenge
Share
Tweet
Embed
Score 0/26 Timer 08:00
0 Plays Today
Stadium Team % Correct
Rhoads StadiumAlabama
88.2%
Katie Seashole Pressly StadiumFlorida
83.9%
Lee StadiumTennessee
65.6%
Easton StadiumUCLA
63.4%
Jane B. Moore FieldAuburn
60.2%
Alumni FieldMichigan
60.2%
Hillenbrand Memorial StadiumArizona
55.9%
JoAnne Graf FieldFlorida State
50.5%
Jack Turner StadiumGeorgia
49.5%
Rainbow Wahine Softball StadiumHawai'i
48.4%
John Cropp StadiumKentucky
45.2%
Getterman StadiumBaylor
41.9%
Levine-Fricke FieldCalifornia
40.9%
Stadium Team % Correct
Farrington StadiumArizona State
39.8%
Lamson ParkLouisiana-Lafayette
35.5%
Eichelberger FieldIllinois
31.2%
Smith Family StadiumStanford
29%
Bowlin StadiumNebraska
26.9%
Goodman Softball ComplexWisconsin
26.9%
Gail Miller FieldBYU
21.5%
Cowgirl DiamondMcNeese State
21.5%
Margie Wright DiamondFresno State
21.5%
Ulmer StadiumLouisville
19.4%
Lovelace StadiumNorth Texas
10.8%
Cacciatore StadiumDePaul
8.6%
Diamond at DixKent State
7.5%

You're not logged in!

Compare scores with friends on all Sporcle quizzes.
Join for Free
OR
Log In

You Might Also Like...

Show Comments

Extras

Top Quizzes Today


Score Distribution

Your Account Isn't Verified!

In order to create a playlist on Sporcle, you need to verify the email address you used during registration. Go to your Sporcle Settings to finish the process.

Report this User

Report this user for behavior that violates our Community Guidelines.

Details: